000 00981cam a2200229 4500
001 WB3819-13
008 020523n2002 000 0 eng u
035 _a(Sirsi) u118108
245 _aCommission unveils safety strategy
260 _c2002
490 _aHealth and Safety Bulletin
_v(308) May 2002, 1(1)
520 _aThe European Commission has published its strategy for improving health and safety in the workplace over the next five years. "Adapting to change in work and society: a new Community strategy on health and safety at work 2002-2006" sets out eight objectives including the reduction of occupational accidents and illnesses, the prevention of social risks and the analysis of new and emerging risks.
590 _aWB
650 _aEUROPEAN COMMISSION
650 _aACCIDENTS
650 _aRISK MANAGEMENT
650 _aSOCIAL POLICY
650 _aHEALTH AND SAFETY
_96244
650 _aWORKPLACE
690 _aHealth and safety
_96244
942 _n0
999 _c70339
_d70339